Imperialismo : (Record no. 1303)
[ view plain ]
| 000 -LÍDER | |
|---|---|
| Campo Fixo de Controle | 01006nam a2200301 a 4500 |
| 001 - NÚMERO DE CONTROLE | |
| Campo de Controle | 1303 |
| 003 - IDENTIFICAÇÃO DO NÚMERO DE CONTROLE | |
| Campo de Controle | BR-CuiBMT |
| 005 - DATA E HORA DA ÚLTIMA ATUALIZAÇÃO | |
| Campo de Controle | 20231208001624.0 |
| 008 - DADOS FIXOS | |
| Dados Fixos | 231204s2000 mgba 000 0 por d |
| 020 ## - INTERNATIONAL STANDARD BOOK NUMBER | |
| Nº do ISBN | 858773704x |
| 040 ## - AGÊNCIA CATALOGADORA | |
| Código da Agência Catalogadora | BR-CuiBMT |
| Agência que transcreveu o registro | BR-CuiBMT |
| 080 ## - Nº DA CLASSIFICAÇÃO DECIMAL UNIVERSAL | |
| Nº Class. CDU | 327.2 |
| Nº edição CDU | 2000 |
| 090 ## - NÚMERO DE CHAMADA | |
| Nº classificação | 327.2 |
| Cutter | M357i |
| 100 1# - ENTRADA PRINCIPAL -- AUTOR PESSOAL | |
| Nome pessoal | Marques, Adhemar Martins, |
| Datas associadas ao nome | 1949- |
| 245 10 - TÍTULO PRINCIPAL | |
| Título principal | Imperialismo : |
| Subtítulo | a expansão do capitalismo / |
| Indicação de responsabilidade | Adhemar Marques, Luiz Roberto Lopez. |
| 260 ## - PUBLICAÇÃO, DISTRIBUIÇÃO, ETC. | |
| Local de publicação | Belo Horizonte : |
| Editora | Lê, |
| Data | 2000. |
| 300 ## - DESCRIÇÃO FÍSICA | |
| N. páginas ou volumes | 96 p. : |
| Ilustrações | il. (algumas color.) ; |
| Dimensões | 24 cm |
| 490 1# - INDICAÇÃO DE SÉRIE | |
| Título da série | História : um novo olhar ; |
| Volume/designação sequencial da série | 4 |
| 500 ## - NOTAS GERAIS | |
| Notas gerais | Inclui questões discursivas propostas e questões comentadas. |
| 504 ## - NOTA DE BIBLIOGRAFIA, ETC. | |
| Nota de bibliografia | Inclui bibliografia. |
| 650 ## - ASSUNTO TÓPICO | |
| Cabeçalho tópico ou nome geográfico | Imperialismo |
| Subdivisão geral | História |
| 650 ## - ASSUNTO TÓPICO | |
| Cabeçalho tópico ou nome geográfico | Capitalismo |
| Subdivisão geral | História |
| 650 ## - ASSUNTO TÓPICO | |
| Cabeçalho tópico ou nome geográfico | Imperialismo |
| Subdivisão geral | Questões, exercícios |
| 650 ## - ASSUNTO TÓPICO | |
| Cabeçalho tópico ou nome geográfico | Capitalismo |
| Subdivisão geral | Questões, exercícios |
| 700 1# - ENTRADA SECUNDÁRIA -- NOME PESSOAL | |
| Nome pessoal | Lopez, Luiz Roberto, |
| Datas associadas ao nome | 1947- |
| 830 #0 - ENTRADA SECUNDÁRIA DE SÉRIE -- TÍTULO UNIFORME | |
| Título uniforme | História : um novo olhar ; |
| Nº do volume/designação sequencial da série | 4 |
| 942 ## - ELEMENTOS DE ENTRADA ADICIONAIS (KOHA) | |
| Fonte de classificação ou esquema de arquivamento | Classificação Decimal Universal |
| Tipo de item do Koha | Livros |
| Estado: removido | Estado: perdido | Fonte de classificação ou esquema de arquivamento | Estado: danificado | Indisponível para empréstimo | Localização permanente | Localização atual | Data de aquisição | Total Checkouts | Número de Chamada completo | Código de barras | Date last seen | Número do exemplar | Preço efetivo a partir de | Tipo de item (Koha) |
|---|---|---|---|---|---|---|---|---|---|---|---|---|---|---|
| Classificação Decimal Universal | Biblioteca da Escola Superior de Contas do TCE/MT | Biblioteca da Escola Superior de Contas do TCE/MT | 04/12/2023 | 327.2 M357i | BIBTCEMT23120138 | 04/12/2023 | Ex. 1 | 04/12/2023 | Livros |